<?xml version="1.0" encoding="UTF-8"?><?xml-stylesheet type="text/xsl" href="static/style.xsl"?><OAI-PMH xmlns="http://www.openarchives.org/OAI/2.0/" xmlns:xsi="http://www.w3.org/2001/XMLSchema-instance" xsi:schemaLocation="http://www.openarchives.org/OAI/2.0/ http://www.openarchives.org/OAI/2.0/OAI-PMH.xsd"><responseDate>2026-04-13T06:48:18Z</responseDate><request verb="GetRecord" identifier="oai:www.recercat.cat:10459.1/30370" metadataPrefix="marc">https://recercat.cat/oai/request</request><GetRecord><record><header><identifier>oai:recercat.cat:10459.1/30370</identifier><datestamp>2024-12-05T22:15:47Z</datestamp><setSpec>com_2072_3622</setSpec><setSpec>col_2072_479130</setSpec></header><metadata><record xmlns="http://www.loc.gov/MARC21/slim" xmlns:dcterms="http://purl.org/dc/terms/" xmlns:xsi="http://www.w3.org/2001/XMLSchema-instance" xmlns:doc="http://www.lyncode.com/xoai" xsi:schemaLocation="http://www.loc.gov/MARC21/slim http://www.loc.gov/standards/marcxml/schema/MARC21slim.xsd">
   <leader>00925njm 22002777a 4500</leader>
   <datafield ind2=" " ind1=" " tag="042">
      <subfield code="a">dc</subfield>
   </datafield>
   <datafield ind2=" " ind1=" " tag="720">
      <subfield code="a">Balsells, M. Àngels</subfield>
      <subfield code="e">author</subfield>
   </datafield>
   <datafield ind2=" " ind1=" " tag="260">
      <subfield code="c">2011-02-24T11:56:21Z</subfield>
   </datafield>
   <datafield ind2=" " ind1=" " tag="260">
      <subfield code="c">2011-02-24T11:56:21Z</subfield>
   </datafield>
   <datafield ind2=" " ind1=" " tag="260">
      <subfield code="c">2003</subfield>
   </datafield>
   <datafield ind2=" " ind1=" " tag="520">
      <subfield code="a">El artículo plantea la necesidad de redefinir el concepto de infancia en situación de riesgo social, dado que las avanzadas sociedades del bienestar están siendo escenario de nuevos fenómenos sociales que provocan a su vez la aparición de nuevos colectivos infanto-juveniles en riesgo. Se conoce el maltrato infantil familiar como una causa clara del riesgo social pero, ¿existen otras situaciones, fuera de la familia, que provocan la aparición de poblaciones infantiles en situación de riesgo social?, ¿se puede hablar de infancia en situación de riesgo social cuando no existen maltratos o negligencia en la familia? En definitiva, ¿las sociedades desarrolladas y avanzadas son el escenario de nuevos grupos de riesgo social? Estos son los interrogantes que pretende responder el presente artículo.</subfield>
   </datafield>
   <datafield ind1="8" ind2=" " tag="024">
      <subfield code="a">http://hdl.handle.net/10459.1/30370</subfield>
   </datafield>
   <datafield tag="653" ind2=" " ind1=" ">
      <subfield code="a">Infants -- Protecció, assistència, etc.</subfield>
   </datafield>
   <datafield tag="653" ind2=" " ind1=" ">
      <subfield code="a">Infants -- Condicions socials</subfield>
   </datafield>
   <datafield tag="653" ind2=" " ind1=" ">
      <subfield code="a">Violència escolar</subfield>
   </datafield>
   <datafield ind2="0" ind1="0" tag="245">
      <subfield code="a">La infancia en riesgo social desde la sociedad del bienestar</subfield>
   </datafield>
</record></metadata></record></GetRecord></OAI-PMH>